Score 0/20 Timer 04:00
1 Play Today
% Correct
Harbor
89.8%
Sunshine
87.8%
Monsters
85.8%
Rock
78.6%
Recall
74.8%
Almighty
74%
About
67.5%
Marley
66.9%
Girl
65.5%
State
51.8%
% Correct
Smokin'
40.8%
Smart
38.8%
Lawyer
37.5%
Curve
31.7%
Racer
30.9%
Red
19.2%
Beyond
15%
Guys
12.1%
Change
10.3%
Thin
7.8%

Today's Daily Dose

Missing Word
'T' Pairs

Word Ladder
Game Pieces

Get the Picture
Baseball Movies

Remove Ads.
Support Sporcle.
Get the best of Sporcle when you Go Orange. This ad-free experience offers more features, more stats, and more fun while also helping to support Sporcle. Thank you for becoming a member.

You're not logged in!

Compare scores with friends on all Sporcle quizzes.
OR
Log In

Show Comments

Extras

Top Quizzes Today


Score Distribution

Your Account Isn't Verified!

In order to create a playlist on Sporcle, you need to verify the email address you used during registration. Go to your Sporcle Settings to finish the process.

Report this User

Report this user for behavior that violates our Community Guidelines.

Details: